000 00855nam a2200241 a 4500
005 20221027063419.0
008 010517s2001 r 000 0 eng d
020 _a9683688772
035 _aUPN01000106321
049 _aCG
050 4 _aZ494
_bL5.2
245 0 0 _aLibrerías infantiles :
_bun espacio para la lectura /
_ccoord. y dir. Esthela Morales Campos.
260 _aMexico :
_bUNAM, Centro Universitario de Investigaciones Bibliotecológicas :
_bInformación Científica Internacional,
_c2001
300 _a195 p. :
_bil.
440 0 _aSistemas bibliotecarios de información y sociedad
650 4 _aLIBREROS Y LIBRERIAS -
_zMEXICO
_924987
650 2 _aHábitos de lectura
_96074
650 4 _aLIBROS INFANTILES.
700 1 _aMorales Campos, Estela Mercedes,
_d1943-
_ecoord.
_929381
901 _a186546
902 _aMCM/
905 _aLibro
999 _c80234
_d80234